[Event "SVK-chT2D 2223"]
[Site "Slovakia"]
[Date "2022.10.09"]
[Round "2.1"]
[White "Regec, Viliam"]
[Black "Lapka, Peter"]
[Result "1/2-1/2"]
[WhiteElo "2091"]
[BlackElo "1974"]
[PlyCount "45"]
[EventDate "2022.10.08"]
[EventType "team-tourn"]
[EventRounds "11"]
[EventCountry "SVK"]
[SourceTitle "EXT 2024"]
[Source "ChessBase"]
[SourceDate "2023.10.10"]
[SourceVersion "1"]
[SourceVersionDate "2023.10.10"]
[SourceQuality "1"]
[WhiteTeam "Gelnica Slovan"]
[BlackTeam "Presov Slavia PU"]
[WhiteTeamCountry "SVK"]
[BlackTeamCountry "SVK"]

1. e4 e5 2. Nf3 d6 3. Bc4 Be7 4. h3 Nf6 5. d3 0-0 6. c3 c6 7. Bb3 Nbd7 8. Nbd2 Nc5 9. Bc2 Qc7 10. Nf1 d5 11. Qe2 Re8 12. Ng3 dxe4 13. dxe4 b6 14. b3 Ba6 15. c4 Ne6 16. 0-0 c5 17. Nf5 Bf8 18. Re1 Bb7 19. Bg5 Nxg5 20. Nxg5 g6 21. Ng3 Bh6 22. h4 Rad8 23. Rad1 1/2-1/2

[Event "SVK-chT2D 2223"]
[Site "Slovakia"]
[Date "2022.10.08"]
[Round "1.1"]
[White "Verbovsky, Michal"]
[Black "Regec, Viliam"]
[Result "1-0"]
[WhiteElo "2041"]
[BlackElo "2091"]
[PlyCount "55"]
[EventDate "2022.10.08"]
[EventType "team-tourn"]
[EventRounds "11"]
[EventCountry "SVK"]
[SourceTitle "EXT 2024"]
[Source "ChessBase"]
[SourceDate "2023.10.10"]
[SourceVersion "1"]
[SourceVersionDate "2023.10.10"]
[SourceQuality "1"]
[WhiteTeam "Sabinov"]
[BlackTeam "Gelnica Slovan"]
[WhiteTeamCountry "SVK"]
[BlackTeamCountry "SVK"]

1. e4 e5 2. Nc3 Nc6 3. Bc4 Nf6 4. d3 d6 5. Be3 Be7 6. Nge2 0-0 7. 0-0 Be6 8. Bxe6 fxe6 9. d4 Ng4 10. d5 Nxe3 11. fxe3 exd5 12. Qxd5+ Kh8 13. Qb5 Rb8 14. Nd5 Bf6 15. Nec3 Ne7 16. Nxe7 Bxe7 17. Rxf8+ Bxf8 18. Rf1 c6 19. Qb3 b5 20. Rf7 Qg5 21. Ne2 Be7 22. Ng3 Rf8 23. Nf5 Qh5 24. Rxe7 Qd1+ 25. Kf2 Qd2+ 26. Kg3 Qe1+ 27. Kh3 g5 28. Qf7 1-0

[Event "SVK-chT2D 2122"]
[Site "Slovakia"]
[Date "2022.03.26"]
[Round "8.3"]
[White "Bella, Julius"]
[Black "Regec, Viliam"]
[Result "1/2-1/2"]
[WhiteElo "1928"]
[BlackElo "2129"]
[PlyCount "86"]
[EventDate "2021.10.16"]
[EventType "team-tourn"]
[EventRounds "11"]
[EventCountry "SVK"]
[SourceTitle "EXT 2023"]
[Source "ChessBase"]
[SourceDate "2022.10.05"]
[SourceVersion "1"]
[SourceVersionDate "2022.10.05"]
[SourceQuality "1"]
[WhiteTeam "Michalovce Zemplin II"]
[BlackTeam "Margecany"]
[WhiteTeamCountry "SVK"]
[BlackTeamCountry "SVK"]

1. e4 e5 2. Nf3 d6 3. d4 Nd7 4. Bc4 c6 5. Nc3 Be7 6. 0-0 h6 7. Be3 Ngf6 8. a4 Qc7 9. Bb3 Nf8 10. h3 Ng6 11. a5 0-0 12. Qd2 Kh7 13. d5 c5 14. g4 Qd7 15. Bc4 Qd8 16. Bb5 Rh8 17. Nh2 Kg8 18. f4 exf4 19. Bxf4 Nxf4 20. Qxf4 g5 21. Qf3 Rh7 22. Ne2 a6 23. Bd3 Rg7 24. Ng3 Nd7 25. Nf5 Ne5 26. Nxe7+ Qxe7 27. Qf6 Qxf6 28. Rxf6 Rg6 29. Raf1 Kg7 30. R6f2 Bd7 31. c3 Rf8 32. Be2 Ba4 33. Nf3 Nxf3+ 34. Bxf3 Rf6 35. Bd1 Rxf2 36. Kxf2 Bxd1 37. Rxd1 Kf6 38. Ke3 Ke5 39. Rh1 h5 40. gxh5 Kf6 41. Rb1 Rc8 42. Ra1 Rg8 43. Kf3 Ke5 1/2-1/2

[Event "SVK-chT2D 2122"]
[Site "Slovakia"]
[Date "2022.03.06"]
[Round "7.3"]
[White "Regec, Viliam"]
[Black "Hagara, Martin"]
[Result "1/2-1/2"]
[WhiteElo "2129"]
[BlackElo "2171"]
[PlyCount "68"]
[EventDate "2021.10.16"]
[EventType "team-tourn"]
[EventRounds "11"]
[EventCountry "SVK"]
[SourceTitle "EXT 2023"]
[Source "ChessBase"]
[SourceDate "2022.10.05"]
[SourceVersion "1"]
[SourceVersionDate "2022.10.05"]
[SourceQuality "1"]
[WhiteTeam "Margecany"]
[BlackTeam "Kezmarok"]
[WhiteTeamCountry "SVK"]
[BlackTeamCountry "SVK"]

1. Nf3 Nf6 2. c4 g6 3. Nc3 Bg7 4. g3 0-0 5. Bg2 d6 6. d3 e5 7. 0-0 Nc6 8. Qc2 Nh5 9. Nd5 Ne7 10. e4 c6 11. Nxe7+ Qxe7 12. Qe2 h6 13. Be3 c5 14. Nd2 Be6 15. Rab1 Qd7 16. b4 b6 17. Kh1 Rac8 18. b5 Rfd8 19. a4 Bh3 20. f4 Bg4 21. Bf3 Nf6 22. Bxg4 Nxg4 23. f5 h5 24. h3 Nxe3 25. Qxe3 Qe7 26. Rbe1 Kh7 27. Nb1 Bh6 28. Qf2 Qg5 29. f6 Rh8 30. Re2 h4 31. g4 Qf4 32. Nc3 Qxf2 33. Rfxf2 a5 34. Nd5 Rb8 1/2-1/2

[Event "SVK-chT2D 2122"]
[Site "Slovakia"]
[Date "2021.10.16"]
[Round "1.3"]
[White "Regec, Viliam"]
[Black "Haborak, Kristian"]
[Result "1/2-1/2"]
[WhiteElo "2122"]
[BlackElo "2034"]
[PlyCount "118"]
[EventDate "2021.10.16"]
[EventType "team-tourn"]
[EventRounds "11"]
[EventCountry "SVK"]
[SourceTitle "EXT 2023"]
[Source "ChessBase"]
[SourceDate "2022.10.05"]
[SourceVersion "1"]
[SourceVersionDate "2022.10.05"]
[SourceQuality "1"]
[WhiteTeam "Margecany"]
[BlackTeam "Presov Tatran Dason"]
[WhiteTeamCountry "SVK"]
[BlackTeamCountry "SVK"]

1. e4 e5 2. Nf3 Nf6 3. d3 d5 4. Nbd2 Nc6 5. Be2 Bc5 6. 0-0 h6 7. c3 a5 8. Qc2 0-0 9. b3 d4 10. Bb2 Bg4 11. Rac1 dxc3 12. Bxc3 Ba3 13. Rcd1 Nd4 14. Bxd4 exd4 15. Nc4 Bb4 16. a4 Re8 17. Nfe5 Be6 18. f4 Nd7 19. Nxd7 Bxd7 20. Bf3 Ra6 21. Qf2 b5 22. axb5 Bxb5 23. Rc1 Bc3 24. e5 Qe7 25. Bd5 Rd8 26. Qf3 Rxd5 27. Rxc3 Bc6 28. Rcc1 Rxe5 29. Qg3 Re2 30. Rf2 Bxg2 31. f5 Bd5 32. Rxe2 Qxe2 33. Re1 Qh5 34. Ne5 Rf6 35. Nd7 Kh7 36. Nxf6+ gxf6 37. Re8 Qg5 38. Rb8 c6 39. Ra8 Bxb3 40. Qxg5 fxg5 41. Rxa5 Kg7 42. Kf2 Kf6 43. Kf3 Bd5+ 44. Kg4 h5+ 45. Kxh5 Kxf5 46. Ra4 Bf3+ 47. Kh6 Kf4 48. Rxd4+ Ke3 49. Rd7 g4 50. Kg5 Be2 51. d4 Bc4 52. Rd6 Bd5 53. Kxg4 Kxd4 54. Rf6 Ke5 55. Kg5 c5 56. h4 c4 57. Rf1 c3 58. h5 Kd4 59. h6 Be4 1/2-1/2

[Event "SVK-chT2D 1920"]
[Site "Slovakia"]
[Date "2020.01.26"]
[Round "7.3"]
[White "Regec, Viliam"]
[Black "Tropp, Frantisek"]
[Result "0-1"]
[WhiteElo "2128"]
[BlackElo "2043"]
[PlyCount "82"]
[EventDate "2019.10.26"]
[EventType "team-tourn"]
[EventRounds "11"]
[EventCountry "SVK"]
[SourceTitle "CBM 194 Extra"]
[Source "ChessBase"]
[SourceDate "2020.03.31"]
[SourceVersion "1"]
[SourceVersionDate "2020.03.31"]
[SourceQuality "1"]
[WhiteTeam "Gelnica Slovan"]
[BlackTeam "Kezmarok"]
[WhiteTeamCountry "SVK"]
[BlackTeamCountry "SVK"]

1. e4 e5 2. Nf3 Nc6 3. Bc4 Nf6 4. Ng5 d5 5. exd5 Na5 6. Bb5+ c6 7. dxc6 bxc6 8. Qf3 Rb8 9. Bd3 h6 10. Ne4 Nd5 11. Ng3 g6 12. a3 Bg7 13. Nc3 0-0 14. Be4 Be6 15. 0-0 f5 16. Bxd5 cxd5 17. d3 Nc6 18. Qd1 Qc7 19. Nge2 d4 20. Na4 Qa5 21. b3 g5 22. Ng3 Ne7 23. Bd2 Qc7 24. b4 Qc6 25. Nc5 Bd5 26. f3 Ng6 27. Rc1 Nh4 28. Qe2 Rbe8 29. c4 Bf7 30. Nb3 e4 31. fxe4 f4 32. Nh1 f3 33. gxf3 Bh5 34. Ng3 Bxf3 35. Rxf3 Nxf3+ 36. Kh1 Qa4 37. Nc5 Qxa3 38. Rc2 Qa1+ 39. Bc1 Qb1 40. b5 Ne1 41. Qxe1 Qxc2 0-1

[Event "SVK-chT2D 1920"]
[Site "Slovakia"]
[Date "2019.10.26"]
[Round "1.3"]
[White "Regec, Viliam"]
[Black "Ihnat, Marek1111"]
[Result "1-0"]
[WhiteElo "2128"]
[BlackElo "2047"]
[PlyCount "79"]
[EventDate "2019.10.26"]
[EventType "team-tourn"]
[EventRounds "11"]
[EventCountry "SVK"]
[SourceTitle "CBM 193 Extra"]
[Source "ChessBase"]
[SourceDate "2020.01.31"]
[SourceVersion "1"]
[SourceVersionDate "2020.01.31"]
[SourceQuality "1"]
[WhiteTeam "Gelnica Slovan"]
[BlackTeam "Stropkov/Svidnik"]
[WhiteTeamCountry "SVK"]
[BlackTeamCountry "SVK"]

1. e4 c5 2. Nf3 Nc6 3. Bb5 g6 4. Bxc6 bxc6 5. 0-0 Bg7 6. Re1 e5 7. d3 d6 8. Nbd2 Rb8 9. Nc4 Ne7 10. Be3 0-0 11. c3 f5 12. Bg5 h6 13. Bxe7 Qxe7 14. Qa4 Qc7 15. b4 cxb4 16. cxb4 Bd7 17. Qb3 Be6 18. Rab1 fxe4 19. dxe4 Qf7 20. Rbc1 d5 21. Ncxe5 dxe4 22. Qe3 Qf6 23. Qxe4 Bd5 24. Qg4 Be6 25. Qg3 Rxb4 26. Rxc6 Re8 27. Nd3 Rb7 28. Nc5 Rbe7 29. h3 Kh7 30. Rd1 Qf7 31. Ne4 Qf5 32. Nd6 Qa5 33. Nxe8 Rxe8 34. Nh4 Qh5 35. Nf3 Bxa2 36. Rd7 Qf5 37. Rcc7 Rg8 38. Rxa7 Be6 39. Re7 Bc4 40. Qc7 1-0

[Event "SVK-chT2D 1819"]
[Site "Slovakia"]
[Date "2019.03.02"]
[Round "8.2"]
[White "Regec, Viliam"]
[Black "Haborak, Kristian"]
[Result "1-0"]
[WhiteElo "2115"]
[BlackElo "2095"]
[PlyCount "91"]
[EventDate "2018.10.13"]
[EventType "team-tourn"]
[EventRounds "11"]
[EventCountry "SVK"]
[SourceTitle "CBM 189 Extra"]
[Source "ChessBase"]
[SourceDate "2019.06.03"]
[SourceVersion "1"]
[SourceVersionDate "2019.06.03"]
[SourceQuality "1"]
[WhiteTeam "Margecany"]
[BlackTeam "Presov Tatran Dason"]
[WhiteTeamCountry "SVK"]
[BlackTeamCountry "SVK"]

1. e4 Nf6 2. Nc3 d5 3. e5 Ne4 4. Nce2 f6 5. d3 Ng5 6. f4 Nf7 7. d4 c5 8. c3 Nc6 9. h3 e6 10. Nf3 Be7 11. Be3 0-0 12. exf6 Bxf6 13. dxc5 e5 14. Qc2 d4 15. 0-0-0 Qa5 16. fxe5 dxc3 17. Nxc3 Nfxe5 18. Nxe5 Nxe5 19. Qb3+ Kh8 20. g4 Bd7 21. Bg2 Bc6 22. Bd5 Rac8 23. Rhf1 b6 24. g5 Be7 25. Rxf8+ Rxf8 26. Bxc6 Nxc6 27. Qd5 Nb4 28. Qc4 Bxc5 29. Bxc5 bxc5 30. a3 Nc6 31. Ne4 Nd4 32. Nd6 Qd8 33. Nf7+ Rxf7 34. Qxf7 Qxg5+ 35. Kb1 h6 36. Qe8+ Kh7 37. Qe4+ Qg6 38. Qxg6+ Kxg6 39. b4 Ne6 40. Rd6 Kf7 41. b5 Ke7 42. Ra6 Nc7 43. Rxa7 Kd6 44. b6 Nb5 45. a4 Nd4 46. Rxg7 1-0

[Event "SVK-chT2D 1718"]
[Site "Slovakia"]
[Date "2018.03.18"]
[Round "11.2"]
[White "Regec, Viliam"]
[Black "Vorovic, Arkadij"]
[Result "1/2-1/2"]
[WhiteElo "2089"]
[BlackElo "2140"]
[PlyCount "39"]
[EventDate "2017.10.28"]
[EventType "team-tourn"]
[EventRounds "11"]
[EventCountry "SVK"]
[SourceTitle "EXT 2020"]
[Source "ChessBase"]
[SourceDate "2019.10.17"]
[SourceVersion "1"]
[SourceVersionDate "2019.10.17"]
[SourceQuality "1"]
[WhiteTeam "Gelnica Slovan"]
[BlackTeam "Velke Kapusany"]
[WhiteTeamCountry "SVK"]
[BlackTeamCountry "SVK"]

1. e4 e6 2. d4 d5 3. exd5 exd5 4. Bd3 Bd6 5. Nf3 Bg4 6. 0-0 Ne7 7. c3 Qd7 8. Re1 Nbc6 9. b4 0-0 10. Nbd2 Rae8 11. Nf1 Bf5 12. Bxf5 Nxf5 13. Ne3 Nce7 14. Qd3 Nxe3 15. Bxe3 Ng6 16. h3 c6 17. Re2 Re7 18. Rae1 Rfe8 19. a4 a6 20. Kf1 1/2-1/2

[Event "SVK-chT1E 1718"]
[Site "Slovakia"]
[Date "2018.03.11"]
[Round "11.4"]
[White "Regec, Viliam"]
[Black "Tauber, Marek"]
[Result "1/2-1/2"]
[WhiteElo "2089"]
[BlackElo "2101"]
[PlyCount "66"]
[EventDate "2017.10.21"]
[EventType "team-tourn"]
[EventRounds "11"]
[EventCountry "SVK"]
[SourceTitle "EXT 2019"]
[Source "ChessBase"]
[SourceDate "2018.10.10"]
[SourceVersion "1"]
[SourceVersionDate "2018.10.10"]
[SourceQuality "1"]
[WhiteTeam "Margecany OSK"]
[BlackTeam "Kosice Slavia TU II"]
[WhiteTeamCountry "SVK"]
[BlackTeamCountry "SVK"]

1. e4 Nf6 2. d3 e5 3. Nf3 Nc6 4. Be2 d5 5. Nbd2 Be7 6. c3 0-0 7. Qc2 a5 8. Nf1 h6 9. h3 Re8 10. g4 Nh7 11. Ng3 dxe4 12. dxe4 Ng5 13. Bxg5 Bxg5 14. Bb5 Qe7 15. Rd1 g6 16. 0-0 Bf4 17. Kg2 Be6 18. Ne2 Qc5 19. Qa4 Bg5 20. Nxg5 hxg5 21. Nc1 f6 22. Nb3 Qb6 23. c4 Red8 24. c5 Qa7 25. Bxc6 bxc6 26. Qxc6 Kf7 27. Qa4 Qa6 28. Rxd8 Rxd8 29. Qxa5 Qe2 30. Qxc7+ Rd7 31. Qc6 Bxg4 32. hxg4 Qxg4+ 33. Kh2 Qh4+ 1/2-1/2

[Event "SVK-chT1E 1718"]
[Site "Slovakia"]
[Date "2018.03.10"]
[Round "10.4"]
[White "Holecko, Rastislav"]
[Black "Regec, Viliam"]
[Result "1/2-1/2"]
[WhiteElo "2188"]
[BlackElo "2089"]
[PlyCount "71"]
[EventDate "2017.10.21"]
[EventType "team-tourn"]
[EventRounds "11"]
[EventCountry "SVK"]
[SourceTitle "EXT 2019"]
[Source "ChessBase"]
[SourceDate "2018.10.10"]
[SourceVersion "1"]
[SourceVersionDate "2018.10.10"]
[SourceQuality "1"]
[WhiteTeam "Michalovce Zemplin"]
[BlackTeam "Margecany OSK"]
[WhiteTeamCountry "SVK"]
[BlackTeamCountry "SVK"]

1. e4 e5 2. Nf3 Nc6 3. Bb5 a6 4. Ba4 Nf6 5. Qe2 b5 6. Bb3 Bc5 7. c3 d6 8. 0-0 0-0 9. h3 Qe7 10. Rd1 h6 11. d3 Bd7 12. Nbd2 Nh5 13. Nf1 Qf6 14. d4 exd4 15. cxd4 Bb6 16. e5 Qf5 17. Nh4 Nf4 18. Qf3 Qh5 19. Qxf4 g5 20. Qe4 Qxh4 21. Qxh4 gxh4 22. Bxh6 Rfe8 23. exd6 Nxd4 24. Be3 c5 25. Bxd4 cxd4 26. Nd2 Bc6 27. Rac1 Bb7 28. Nf3 Rad8 29. Nxd4 Rxd6 30. Nf5 Rf6 31. Nd6 Re2 32. Nxb7 Rfxf2 33. Nc5 Rxg2+ 34. Kh1 Rh2+ 35. Kg1 Reg2+ 36. Kf1 1/2-1/2

[Event "SVK-chT2D 1718"]
[Site "Slovakia"]
[Date "2018.02.24"]
[Round "8.3"]
[White "Kravec, Patrik"]
[Black "Regec, Viliam"]
[Result "1-0"]
[WhiteElo "2180"]
[BlackElo "2074"]
[PlyCount "65"]
[EventDate "2017.10.28"]
[EventType "team-tourn"]
[EventRounds "11"]
[EventCountry "SVK"]
[SourceTitle "EXT 2019"]
[Source "ChessBase"]
[SourceDate "2018.10.10"]
[SourceVersion "1"]
[SourceVersionDate "2018.10.10"]
[SourceQuality "1"]
[WhiteTeam "Presov Slavia"]
[BlackTeam "Gelnica Slovan"]
[WhiteTeamCountry "SVK"]
[BlackTeamCountry "SVK"]

1. d4 Nf6 2. Bf4 g6 3. Nc3 Bg7 4. e4 d6 5. Qd2 0-0 6. 0-0-0 a6 7. Bh6 b5 8. f3 Kh8 9. h4 Bxh6 10. Qxh6 Ng8 11. Qd2 h6 12. f4 f6 13. Be2 Qe8 14. g4 e6 15. Bf3 b4 16. Nce2 Nd7 17. Qxb4 Rb8 18. Qc3 Qd8 19. b3 Nb6 20. Nh3 Bd7 21. f5 exf5 22. gxf5 gxf5 23. Nhf4 Ne7 24. Rdg1 Kh7 25. Ng3 c6 26. exf5 Nbd5 27. Bxd5 Nxd5 28. Nxd5 cxd5 29. Qf3 Rc8 30. Nh5 Rf7 31. Rg6 Qc7 32. Rh2 Qa5 33. Qe3 1-0

[Event "SVK-chT1E 1718"]
[Site "Slovakia"]
[Date "2018.02.03"]
[Round "7.4"]
[White "Hagara, Martin"]
[Black "Regec, Viliam"]
[Result "0-1"]
[WhiteElo "2145"]
[BlackElo "2082"]
[PlyCount "122"]
[EventDate "2017.10.21"]
[EventType "team-tourn"]
[EventRounds "11"]
[EventCountry "SVK"]
[SourceTitle "EXT 2019"]
[Source "ChessBase"]
[SourceDate "2018.10.10"]
[SourceVersion "1"]
[SourceVersionDate "2018.10.10"]
[SourceQuality "1"]
[WhiteTeam "Kezmarok"]
[BlackTeam "Margecany OSK"]
[WhiteTeamCountry "SVK"]
[BlackTeamCountry "SVK"]

1. d4 Nf6 2. Nf3 d6 3. Bf4 g6 4. e3 Bg7 5. Bd3 0-0 6. 0-0 Nc6 7. Nbd2 Re8 8. e4 Nh5 9. Be3 a6 10. c3 e6 11. Re1 e5 12. h3 h6 13. Nf1 Qf6 14. N1h2 Nf4 15. d5 Nb8 16. Ng4 Qe7 17. Bxf4 exf4 18. Qd2 Bxg4 19. hxg4 Qf6 20. Rac1 Nd7 21. Qc2 Qe7 22. Qd2 Be5 23. Nxe5 Nxe5 24. Be2 Qg5 25. g3 fxg3 26. Qxg5 gxf2+ 27. Kxf2 hxg5 28. Rcd1 Kg7 29. Kg3 Rh8 30. Rh1 Rae8 31. Rxh8 Rxh8 32. Re1 Rh4 33. Rf1 Kf8 34. b4 Ke7 35. a4 Rh8 36. Re1 Rc8 37. c4 b6 38. c5 bxc5 39. bxc5 Rb8 40. cxd6+ Kxd6 41. Bxa6 Rb3+ 42. Kg2 Ra3 43. Bb5 Nxg4 44. Rc1 Ne5 45. Rf1 g4 46. Rf4 Re3 47. a5 Ra3 48. a6 Kc5 49. Be8 Rxa6 50. Bxf7 Kd4 51. Be6 Ke3 52. Rf2 Kxe4 53. Rc2 Kf4 54. Bc8 Ra7 55. Be6 Ra4 56. Rf2+ Kg5 57. Rf8 Nd3 58. Kg3 Ra3 59. Kg2 Nf4+ 60. Kf2 g3+ 61. Kg1 Ra1# 0-1

[Event "SVK-chT2D 1314"]
[Site "Slovakia"]
[Date "2014.01.11"]
[Round "5.3"]
[White "Micek, Jaroslav"]
[Black "Regec, Viliam"]
[Result "1-0"]
[WhiteElo "2070"]
[BlackElo "2106"]
[PlyCount "65"]
[EventDate "2013.10.19"]
[EventType "team-tourn"]
[EventRounds "11"]
[EventCountry "SVK"]
[SourceTitle "EXT 2015"]
[Source "ChessBase"]
[SourceDate "2014.11.20"]
[SourceVersion "1"]
[SourceVersionDate "2014.11.20"]
[SourceQuality "1"]
[WhiteTeam "Margecany"]
[BlackTeam "Gelnica Slovan"]
[WhiteTeamCountry "SVK"]
[BlackTeamCountry "SVK"]

1. e4 e5 2. Bb5 Nf6 3. d4 Qe7 4. Nf3 c6 5. Ba4 d6 6. 0-0 Qc7 7. Nc3 Nbd7 8. Bb3 h6 9. Nh4 Nb6 10. a4 Bd7 11. a5 Nc8 12. f4 Be7 13. fxe5 dxe5 14. Kh1 Bg4 15. Bxf7+ Kd8 16. Qd3 Bd7 17. Ng6 Rf8 18. Nxf8 Bxf8 19. dxe5 Qxe5 20. Bf4 Qe7 21. Bb3 Ke8 22. Rad1 Bg4 23. Rd2 Nd7 24. e5 Bh5 25. Bg3 Nc5 26. Qf5 g5 27. Rdf2 Bg7 28. Ba2 b6 29. b4 Nd7 30. Ne4 Bxe5 31. Bxe5 Qxe5 32. Qxe5+ Nxe5 33. Nf6+ 1-0

[Event "SVK-chT2D 1213"]
[Site "Slovakia"]
[Date "2013.03.16"]
[Round "10.3"]
[White "Regec, Viliam"]
[Black "Klemanic, Emil"]
[Result "0-1"]
[WhiteElo "2096"]
[BlackElo "2209"]
[PlyCount "54"]
[EventDate "2012.10.13"]
[EventType "team-tourn"]
[EventRounds "11"]
[EventCountry "SVK"]
[SourceTitle "EXT 2015"]
[Source "ChessBase"]
[SourceDate "2014.11.20"]
[SourceVersion "1"]
[SourceVersionDate "2014.11.20"]
[SourceQuality "1"]
[WhiteTeam "Gelnica Slovan"]
[BlackTeam "Kosice Slavia UPJS III"]
[WhiteTeamCountry "SVK"]
[BlackTeamCountry "SVK"]

1. e4 d6 2. Nf3 Nf6 3. Nc3 g6 4. d4 Bg7 5. Be3 0-0 6. Qd2 c6 7. h3 b5 8. a3 Bb7 9. Bd3 a6 10. 0-0 Qc7 11. b4 Nbd7 12. Rab1 e5 13. dxe5 dxe5 14. Rfe1 c5 15. bxc5 Nxc5 16. Bxc5 Qxc5 17. a4 Rfc8 18. Na2 Bc6 19. Nb4 bxa4 20. Nxc6 Rxc6 21. Rb4 Bh6 22. Qxh6 Qxb4 23. Kf1 Qc3 24. Qg5 Re8 25. Nd2 a3 26. Nb3 Rb8 27. Na1 a2 0-1

[Event "SVK-chT2D 1112"]
[Site "Slovakia"]
[Date "2012.01.29"]
[Round "9.2"]
[White "Regec, Viliam"]
[Black "Brudnak, Peter"]
[Result "1-0"]
[WhiteElo "2083"]
[BlackElo "2029"]
[PlyCount "55"]
[EventDate "2011.10.08"]
[EventType "team-tourn"]
[EventRounds "11"]
[EventCountry "SVK"]
[SourceTitle "EXT 2013"]
[Source "ChessBase"]
[SourceDate "2012.11.22"]
[SourceVersion "1"]
[SourceVersionDate "2012.11.22"]
[SourceQuality "1"]
[WhiteTeam "Gelnica Slovan"]
[BlackTeam "Zborov Magura"]
[WhiteTeamCountry "SVK"]
[BlackTeamCountry "SVK"]

1. e4 e6 2. d3 d5 3. Nd2 Nf6 4. c3 c5 5. g3 Nc6 6. Ngf3 Bd6 7. Bg2 d4 8. 0-0 0-0 9. Nc4 e5 10. Nxd6 Qxd6 11. c4 Rb8 12. b3 b5 13. cxb5 Rxb5 14. Nd2 Qe7 15. Nc4 Be6 16. Nb2 Nd7 17. Bd2 Nb4 18. f4 Nxa2 19. Rxa2 Bxb3 20. Qa1 Bxa2 21. Qxa2 Rfb8 22. Nc4 Rb3 23. Qxa7 Rxd3 24. Bh3 Rxd2 25. Nxd2 Rd8 26. Nc4 Qe8 27. Nd6 Qe7 28. fxe5 1-0

[Event "SVK-chT2D 0910"]
[Site "Slovakia"]
[Date "2009.11.07"]
[Round "3.3"]
[White "Regec, Viliam"]
[Black "Cuker, Dusan"]
[Result "0-1"]
[WhiteElo "2144"]
[BlackElo "2036"]
[PlyCount "80"]
[EventDate "2009.10.10"]
[EventType "team"]
[EventRounds "11"]
[EventCountry "SVK"]
[SourceTitle "EXT 2011"]
[Source "ChessBase"]
[SourceDate "2010.11.26"]
[SourceVersion "1"]
[SourceVersionDate "2010.11.26"]
[SourceQuality "1"]
[WhiteTeam "Prakovce"]
[BlackTeam "Sabinov II"]
[WhiteTeamCountry "SVK"]
[BlackTeamCountry "SVK"]

1. e4 c5 2. Nf3 d6 3. c3 Nf6 4. d3 g6 5. Qc2 Nc6 6. Be2 Bg7 7. Nbd2 0-0 8. Nf1 Qc7 9. Ng3 Be6 10. Bd2 Rad8 11. Qc1 d5 12. Bh6 Bxh6 13. Qxh6 Qb6 14. Qc1 Bg4 15. 0-0 c4 16. dxc4 dxe4 17. Ne1 Bxe2 18. Nxe2 Ne5 19. b3 Nd3 20. Qc2 Ng4 21. Ng3 f5 22. h3 Nf6 23. Rd1 Nf4 24. Ne2 Rxd1 25. Qxd1 Rd8 26. Qc2 Nxe2+ 27. Qxe2 Nh5 28. Kh1 Nf4 29. Qc2 Qd6 30. Qc1 b6 31. Nc2 Ne2 32. Qe3 Qd2 33. Re1 Nxc3 34. Nb4 Nd1 35. Qxd2 Rxd2 36. Nc6 Nxf2+ 37. Kg1 Rxa2 38. Nxe7+ Kf7 39. Nc8 Ke6 40. c5 bxc5 0-1

[Event "SVK-chT1E 0809"]
[Site "Slovakia"]
[Date "2009.02.08"]
[Round "9.2"]
[White "Lasanda, Michal"]
[Black "Regec, Viliam"]
[Result "0-1"]
[WhiteElo "2155"]
[BlackElo "2190"]
[PlyCount "48"]
[EventDate "2008.10.18"]
[EventType "team-tourn"]
[EventRounds "11"]
[EventCountry "SVK"]
[SourceTitle "EXT 2010"]
[Source "ChessBase"]
[SourceDate "2010.11.25"]
[SourceVersion "1"]
[SourceVersionDate "2010.11.25"]
[SourceQuality "1"]
[WhiteTeam "Michalovce Zemplin"]
[BlackTeam "Margecany OSK"]
[WhiteTeamCountry "SVK"]
[BlackTeamCountry "SVK"]

1. e4 e5 2. Nc3 Nf6 3. f4 d6 4. Nf3 Nbd7 5. Bc4 h6 6. d3 c6 7. a4 Qc7 8. 0-0 Be7 9. Qe1 Nf8 10. fxe5 dxe5 11. Qg3 Ng6 12. d4 Bd6 13. dxe5 Bxe5 14. Nxe5 Qxe5 15. Qxe5+ Nxe5 16. Bb3 0-0 17. Bxh6 Nfd7 18. Be3 Kh7 19. h3 f6 20. a5 Re8 21. Rf4 Nf8 22. Rff1 Be6 23. Bxe6 Nxe6 24. b3 Kg6 0-1

[Event "SVK-chT1E 0809"]
[Site "Slovakia"]
[Date "2008.12.13"]
[Round "5.1"]
[White "Jacko, Vladimir"]
[Black "Regec, Viliam"]
[Result "1-0"]
[WhiteElo "2012"]
[BlackElo "2190"]
[PlyCount "137"]
[EventDate "2008.10.18"]
[EventType "team-tourn"]
[EventRounds "11"]
[EventCountry "SVK"]
[SourceTitle "EXT 2010"]
[Source "ChessBase"]
[SourceDate "2010.11.25"]
[SourceVersion "1"]
[SourceVersionDate "2010.11.25"]
[SourceQuality "1"]
[WhiteTeam "Presov Tatran"]
[BlackTeam "Margecany OSK"]
[WhiteTeamCountry "SVK"]
[BlackTeamCountry "SVK"]

1. e4 e5 2. d4 exd4 3. Nf3 d6 4. Nxd4 Nf6 5. Nc3 Be7 6. h3 0-0 7. Be2 a6 8. a4 Bd7 9. 0-0 Nc6 10. Nb3 h6 11. f4 Re8 12. Bf3 Bf8 13. Re1 Rb8 14. a5 Qc8 15. Be3 Ne7 16. Qd2 Ng6 17. Bf2 c5 18. Na4 Bc6 19. Nc3 Qc7 20. g3 Rbd8 21. Rad1 Ne7 22. Qc1 Nc8 23. Qa1 Na7 24. Kh2 Nb5 25. Nd5 Bxd5 26. exd5 Qd7 27. c4 Na7 28. Nd2 g6 29. b4 Bg7 30. Qb1 Qc7 31. bxc5 dxc5 32. Qb6 Qxb6 33. axb6 Nc8 34. Rxe8+ Rxe8 35. Bxc5 Nd7 36. Bf2 Bf8 37. Nb3 Ncxb6 38. c5 Na4 39. d6 Rb8 40. Ra1 Nb2 41. Bg1 Nd3 42. Be4 Nb4 43. Rb1 Nc6 44. Nd2 Bg7 45. Kg2 Bc3 46. Nc4 Bb4 47. Nb6 Nxb6 48. Bxc6 bxc6 49. cxb6 Bxd6 50. Rd1 Bb4 51. Rd7 c5 52. b7 Kg7 53. f5 Kf6 54. fxg6 fxg6 55. g4 Ke6 56. Rh7 Kd5 57. Bh2 Re8 58. Rxh6 c4 59. b8Q Rxb8 60. Bxb8 Bd2 61. Rh8 c3 62. Rc8 a5 63. Kf3 a4 64. Ke2 a3 65. Rd8+ Ke4 66. Bg3 Bg5 67. Re8+ Kd4 68. Be5+ Kc4 69. Rc8+ 1-0